1808 1480 1247 1758 1286 1113 1137 1216 1755 1367 1843 1259 1126 1923 1760 1677 1040 1009 1249 1972 1729 1068 1322 1757 1884 1176 1527 1916 1558 1421 1491 1885 1255 1820 1661 1040 1877 1256 1393 1275 1137 1002 1888 1317 1757 1764 1837 1779 1543 1596 1389 1594 1744 1464 1864 1413 1191 1664 1334 1526 1719 1338 1939 1647 1715 1686 1879 1369 1130 1759 1572 1994 1589 1844 1639 1014 1659 1913 1470 1079 1802 1289 1045 1302 1491 1168 1234 1827 1820 1746 1039 1816 1113 1296 1287 1768 1141 1770 1715 BCNSPRNW ULIB Ver.6.0+V

เปลี่ยนเป็นภาษาไทย

Change to English
 แสดงรายละเอียดบรรณานุกรม
  กลับหน้าหลัก

Brief Record : Get Marc (ISO 2709) : E-mail record : QR code < ปิดหน้าต่าง
LEADER : 00000nam 2200000uu 4500
001    13399127236
003     ULIB
008    200302s||||||||th 000 0 tha d
020    ^a9786163980489
060  0 ^aWB100^bว534ว^cล.2
100 0  ^aวิชุดา จิรพรเจริญ, บรรณาธิการ
245 00 ^aเวชปฏิบัติครอบครัว 2 : การดูแลผู้ป่วยร่วมกับครอบครัว =^bFamily Practice 2 : Caring for Patients with Their Families/^cวิชุดา จิรพรเจริญ และ^cชัยสิริ อังกุระวรานนท์, บรรณาธิการ
250    ^aพิมพ์ครั้งที่ 3
260    ^aเชียงใหม่ :^bภาควิชาเวชศาสตร์ครอบครัว คณะแพทยศาสตร์ มหาวิทยาลัยเชียงใหม่,^c2561
300    ^a224 หน้า
650  0 ^aผู้ป่วย- -การดูแล
650  0 ^aการส่งเสริมสุขภาพ
650  0 ^aการพยาบาลครอบครัว
650  0 ^aFamily Medicine
650  0 ^aFamily Practice
650  0 ^aHealth Promotion
700 0  ^aชัยสิริ อังกุระวรานนท์, บรรณาธิการ
856    ^a^zเวชปฏิบัติครอบครัว 2 : การดูแลผู้ป่วยร่วมกับครอบครัว (Family Practice 2 : Caring for Patients with Their Families) (สารบัญหนังสือ)^uhttp://110.164.66.211/ULIB6//_fulltext/bookcontent/13399114377/51225.pdf
945    ^p350^l0^i006412
945    ^p350^l0^i006413
945    ^p350^l0^i006414
945    ^p350^l0^i006415
945    ^p350^l0^i006416
999    ^aอังศุธร กาญจนาโรจน์พันธ์
รายการนี้ยังไม่มีแท็ก
คุณยังไม่ได้ล็อกอิน คุณสามารถมีกิจกรรมร่วมกับเว็บไซต์ได้ แต่ต้องล็อกอินก่อน ::
  ล็อกอิน

รายการสื่อสารสนเทศ

ลำดับที่ ประเภท เลขเรียก/บาร์โค้ด สถานที่ สถานะ
1. วิทยาศาสตร์การแพทย์ และสุขภาพ
หนังสือสำรอง
สถานะ=หนังสือสำรอง
WB100 ว534ว ล.2 ฉ.1 
  Barcode: 006412
ห้องสมุดวิทยาเขตสวรรค์ประชารักษ์
►หนังสือทั่วไป
บนชั้น
2. วิทยาศาสตร์การแพทย์ และสุขภาพ
วิทยาศาสตร์การแพทย์ และสุขภาพ
WB100 ว534ว ล.2 ฉ.2 
  Barcode: 006413
ห้องสมุดวิทยาเขตสวรรค์ประชารักษ์
►หนังสือทั่วไป
บนชั้น
3. วิทยาศาสตร์การแพทย์ และสุขภาพ
วิทยาศาสตร์การแพทย์ และสุขภาพ
WB100 ว534ว ล.2 ฉ.3 
  Barcode: 006414
ห้องสมุดวิทยาเขตสวรรค์ประชารักษ์
►หนังสือทั่วไป
บนชั้น
4. วิทยาศาสตร์การแพทย์ และสุขภาพ
วิทยาศาสตร์การแพทย์ และสุขภาพ
WB100 ว534ว ล.2 ฉ.4 
  Barcode: 006415
ห้องสมุดวิทยาเขตสวรรค์ประชารักษ์
►หนังสือทั่วไป
บนชั้น
5. วิทยาศาสตร์การแพทย์ และสุขภาพ
วิทยาศาสตร์การแพทย์ และสุขภาพ
WB100 ว534ว ล.2 ฉ.5 
  Barcode: 006416
ห้องสมุดวิทยาเขตสวรรค์ประชารักษ์
►หนังสือทั่วไป
บนชั้น

รายการใกล้เคียง
    ผู้แต่ง [วิชุดา จิรพรเจริญ, บรรณาธิการ]

    หัวเรื่อง [ผู้ป่วย- -การดูแล]
    หัวเรื่อง [การส่งเสริมสุขภาพ]
    หัวเรื่อง [การพยาบาลครอบครัว]
    หัวเรื่อง [Family Medicine]
    หัวเรื่อง [Family Practice]
    หัวเรื่อง [Health Promotion]

BibComment


ยังไม่เคยถูกคอมเมนท์

คอมเมนท์ทรัพยากรรายการนี้
  คอมเมนท์: เวชปฏิบัติครอบคร..


 Copyright 2026. Bcnsprnw @Library